| 000 | 01043nam a2200313 i 4500 | ||
|---|---|---|---|
| 001 | bg | ||
| 003 | BPK | ||
| 005 | 20210923133048.0 | ||
| 008 | 990421s1983 pl |001 0 pol | ||
| 015 | _aPB 1984/773 | ||
| 020 | _a8301025816 | ||
| 040 |
_aWA N _cBPK |
||
| 041 | 0 | _apol | |
| 080 | _a1(091) | ||
| 100 | 1 |
_aTatarkiewicz, Władysław _d(1886-1980) _eAutor |
|
| 245 | 1 | 0 |
_aHistoria filozofii. _nT. 2, _pFilozofia nowożytna do roku 1830 / _cWładysław Tatarkiewicz. |
| 246 | 3 | 0 | _aFilozofia nowożytna do roku 1830 |
| 250 | _a[Wyd. 10]. | ||
| 260 |
_aWarszawa : _bPańst. Wydaw. Naukowe, _c1983 _e(Rzesz : _fRZG). |
||
| 300 |
_a294, [2] s., [30] s. portr. ; _c25 cm. |
||
| 504 | _aBibliogr. przy tomach. - Indeksy. | ||
| 650 | 4 |
_aFilozofia _xhistoria _y16-19 w. |
|
| 648 | 4 | _a1601-1700 | |
| 648 | 4 | _a1701-1800 | |
| 648 | 4 | _a1801-1900 | |
| 648 | 4 | _a1501-1600 | |
| 856 |
_uhttp://koha.tu.koszalin.pl/cgi-bin/koha/opac-detail.pl?biblionumber=22447 _yKatalog online BPK |
||
| 942 |
_2UKD _cKS |
||
| 999 |
_c22447 _d22447 |
||